000
00304nam a2200133Ia 4500
008
191201s2005 xx 000 0 und d
100
_a
WALKER,Danielle
245
0
_a
Doing Business Internationally
250
_a
2nd
260
_a
N.Delhi
_b
MGH
_c
2005
300
_a
330
650
_a
MBA
942
_2
ddc
_c
BK
999
_c
4220
_d
4220